Jean Baudrillard : A Study in Cultural Metaphysics /
Este es un análisis del pensamiento de Baudrillard, sociólogo francés, quien aborda en su obra el desarrollo tecnológico, su impacto en la vida social; es decir los cambios sociales y culturales que se están gestando a partir de estas manifestaciones tecnológicas y de su inclusión de en la vida coti...
Shranjeno v:
| Glavni avtor: | |
|---|---|
| Format: | Knjiga |
| Jezik: | angleščina |
| Izdano: |
Londres, Inglaterra :
Prentice-Hall,
1995, c1995
|
| Teme: | |
| Oznake: |
Brez oznak, prvi označite!
|
MARC
| LEADER | 00000nam^a2200000^a^4500 | ||
|---|---|---|---|
| 001 | 000154735 | ||
| 005 | 20250521000000.0 | ||
| 009 | 20260310100404.868 | ||
| 020 | |a 0-13-433368-3 | ||
| 037 | |a Acervo ITESO - Biblioteca | ||
| 041 | |a ING | ||
| 082 | |a 149. 97 |b LEV | ||
| 100 | |a Levin, Charles |e (autor) | ||
| 245 | 1 | 0 | |a Jean Baudrillard : |b A Study in Cultural Metaphysics / |c C. Levin. |
| 264 | 4 | |a Londres, Inglaterra : |b Prentice-Hall, |c 1995, c1995 | |
| 300 | |a XIV, 286 p. | ||
| 336 | |a texto |b txt |2 rdacontenido | ||
| 337 | |a sin mediación |b n |2 rdamedio | ||
| 338 | |a volumen |b nc |2 rdasoporte | ||
| 520 | |a Este es un análisis del pensamiento de Baudrillard, sociólogo francés, quien aborda en su obra el desarrollo tecnológico, su impacto en la vida social; es decir los cambios sociales y culturales que se están gestando a partir de estas manifestaciones tecnológicas y de su inclusión de en la vida cotidiana en las sociedades contemporáneas. | ||
| 649 | |a XX | ||
| 650 | |a Sociólogos Franceses | ||
| 650 | |a Intelectuales Franceses | ||
| 650 | |a Tecnologías de Comunicación e Información | ||
| 650 | |a Medios Audiovisuales | ||
| 650 | |a Medios de Comunicación | ||
| 650 | |a Comunicación Visual | ||
| 650 | |a Comunicación Masiva | ||
| 650 | |a Credibilidad (Medios de Comunicación) | ||
| 650 | |a Mediación de la Comunicación | ||
| 650 | |a Cortejo y Seducción | ||
| 650 | |a Consumo | ||
| 650 | |a Consumismo | ||
| 650 | |a Fetichismo | ||
| 650 | |a Desarrollo Tecnológico | ||
| 650 | |a Cultura de Masas | ||
| 650 | |a Sociedad Postindustrial | ||
| 650 | |a Tecnología y Sociedad | ||
| 650 | |a Marxismo | ||
| 650 | |a Filosofía - |z Francia | ||
| 650 | |a Filosofía del Siglo XX | ||
| 910 | |a Fondo General | ||
| 920 | |a Impresos - Libros | ||
| 930 | |a Colección General | ||
| 905 | |a 101 | ||
| 901 | |a 0500086533 |b IT1 |c ACC |u 20250521 | ||
| 902 | |a https://opac.biblio.iteso.mx/vufind/Record/000154735 | ||